LEADER 01228nam--2200397---450 001 990000800950203316 005 20180312154821.0 010 $a0201924889 035 $a0080095 035 $aUSA010080095 035 $a(ALEPH)000080095USA01 035 $a0080095 100 $a20011210d1998----km-y0ITAy0103-------ba 101 0 $aENG 102 $aUS 200 1 $aEffective C++$e50 specific ways to improve your programs and designs$fScott Meyers 205 $a2nd ed. 210 $aBoston [etc.]$cAddison-Wesley$dcopyr. 1998 215 $aXX, 256 p.$cill.$d20 cm 225 $aAddison-Wesley professional computing series 410 $12001$aAddison-Wesley professional computing series 610 1 $aLinguaggio C++ 676 $a005.133 700 1$aMeyers,$bScott$065756 801 0$aITA$bCBS$gISBD 912 $a990000800950203316 951 $a005.133 MEY$b0026646 CBS$c005.133$d00110748 959 $aBK 969 $aSCI 979 $aALANDI$b90$c20011210$lUSA01$h1145 979 $aALANDI$b90$c20011210$lUSA01$h1148 979 $aALANDI$b90$c20020207$lUSA01$h1026 979 $c20020403$lUSA01$h1726 979 $aPATRY$b90$c20040406$lUSA01$h1655 996 $aEffective C++$9378117 997 $aUNISA LEADER 01240nam a2200337 i 4500 001 991000759379707536 005 20250515162245.0 008 960618s1995 it er 001 0 ita d 020 $a8842047120 035 $ab1140579x-39ule_inst 035 $aPARLA214890$9ExL 040 $aDip.to Scienze dell'Antichità$bita$dSocioculturale Scs 082 04$a305.8$223 100 1 $aBoas, Franz$0128980 240 14$aThe mind of primitive man 245 12$aL'uomo primitivo /$cFranz Boas ; prefazione di Melville J. Herkovits 260 $aRoma ; Bari :$bLaterza,$c1995 300 $aXIV, 237 p. ;$c21 cm 490 1 $aEL : Economica Laterza ;$v58 650 4$aEtnologia 650 4$aAntropologia 650 4$aPreistoria 700 1 $aHerkovits, Melville J. 830 0$aEL : Economica Laterza ;$v58 907 $a.b1140579x$b01-03-17$c01-07-02 912 $a991000759379707536 945 $aLE007 930 BOA 01.01$g1$i2015000083142$lle007$nLE007-0401$o-$pE0.00$q-$rl$s-$t0$u2$v1$w2$x0$y.i13050813$z08-01-04 945 $aLE015 930 - 31$g1$iLE015N-6634$lle007$o-$pE0.00$q-$rl$s-$t0$u0$v0$w0$x0$y.i11593635$z01-07-02 996 $aMind of primitive man$933217 997 $aUNISALENTO 998 $ale007$b01-01-96$cm$da$e-$fita$git$h2$i2